00504nam a2200145 a 450000100100000000500170001000800410002702000180006804000250008610000210011124501000013226000610023230000280029370000370032100004868620201002061329.0190408s2016 dr a 000 0 spa d a9789945896985 aDO-SdBNPbspacBNPHU1 aReyes, Francisco10aMonumentos nacionales dominicanos /cFrancisco Reyes ; ilustración Anulfo Alcántara Aquino. aSanto Domingo, República Dominicana :bSpirole,c2016. a23 p. :bils. ;c28 cm.1 aAlcántara Aquino, Anulfoeils.